Ptaki stwierdzone w polsce na litere P - Statystyki

Ogólne statystyki
  • Ten quiz został rozwiązany 68 razy
  • Średni wynik to 25 z 51
Statystyki odpowiedzi
Odpowiedź % Poprawnych
puszczyk
85%
perkoz dwuczuby
82%
perkozek
79%
puchacz
79%
pustułka
79%
pliszka siwa
77%
płomykówka
74%
pliszka żółta
72%
pleszka
69%
pluszcz
67%
pierwiosnek
64%
pójdźka
64%
płaskonos
59%
pliszka górska
59%
przepiórka
59%
pliszka cytrynowa
56%
pokląskwa
56%
piecuszek
54%
potrzeszcz
54%
puszczyk mszarny
51%
pełzacz leśny
49%
pełzacz ogrodowy
49%
perkoz rdzawoszyi
49%
piegża
49%
potrzos
49%
puszczyk uralski
49%
paszkot
46%
podgorzałka
46%
pokrzywnica
46%
pelikan różowy
44%
perkoz rogaty
41%
pomurnik
41%
poświerka
41%
podróżniczek
38%
płochacz halny
36%
pustynnik
36%
płatkonóg szydłodzioby
33%
pokrzewka aksamitna
33%
pardwa mszarna
31%
pelikan kędzierzawy
31%
płatkonóg płaskodzioby
31%
puchacz śnieżny
31%
pustułeczka
31%
pasterz
28%
perkoz grubodzioby
28%
piaskowiec
28%
płochacz czarnogardły
26%
pokrzewka wąsata
26%
pliszka syberyjska
23%
płochacz syberyjski
21%
pokrzewka iberyjska
21%
Nie znaleziono quizów pasujących do podanych kryteriów
Rozkład punktacji
Procent ludzi z każdym wynikiem
Percentyl według liczby udzielonych odpowiedzi
Twoja historia wyników
Nie rozwiązałeś tego quizu